[Event "Augsburg op"]
[Site "Augsburg"]
[Date "2013.12.30"]
[Round "7"]
[White "Neidlinger, Markus"]
[Black "Steiner, Thomas"]
[Result "1/2-1/2"]
[WhiteElo "2146"]
[BlackElo "1928"]
[PlyCount "50"]
[EventDate "2013.12.27"]
[EventType "swiss"]
[EventRounds "7"]
[EventCountry "GER"]
[SourceTitle "CBM 158 Extra"]
[Source "ChessBase"]
[SourceDate "2014.02.28"]
[SourceVersion "1"]
[SourceVersionDate "2014.02.28"]
[SourceQuality "1"]

1. e4 c5 2. Nf3 a6 3. c4 d6 4. d4 Bg4 5. dxc5 Bxf3 6. gxf3 Qa5+ 7. Nc3 Qxc5 8. Be3 Qc6 9. b4 Nf6 10. Qb3 Nbd7 11. Rc1 g6 12. Nd5 e6 13. b5 Qc8 14. Nxf6+ Nxf6 15. c5 Qd8 16. bxa6 bxa6 17. Qa4+ Nd7 18. c6 Nc5 19. Bxc5 dxc5 20. Bxa6 Qc7 21. Rb1 Bg7 22. Ke2 0-0 23. Rb7 Qf4 24. c7 Be5 25. Qc6 Rac8 1/2-1/2

[Event "Augsburg op"]
[Site "Augsburg"]
[Date "2013.12.27"]
[Round "2"]
[White "Knipfer, Andreas"]
[Black "Neidlinger, Markus"]
[Result "1-0"]
[WhiteElo "1698"]
[BlackElo "2146"]
[PlyCount "73"]
[EventDate "2013.12.27"]
[EventType "swiss"]
[EventRounds "7"]
[EventCountry "GER"]
[SourceTitle "CBM 158 Extra"]
[Source "ChessBase"]
[SourceDate "2014.02.28"]
[SourceVersion "1"]
[SourceVersionDate "2014.02.28"]
[SourceQuality "1"]

1. e4 c5 2. Nf3 g6 3. c3 d5 4. exd5 Qxd5 5. d4 Nc6 6. dxc5 Qxd1+ 7. Kxd1 e5 8. Be3 Nge7 9. Nbd2 Nd5 10. Ne4 Bg4 11. Bg5 Be7 12. Bxe7 Kxe7 13. Bc4 Nf4 14. h3 Nxh3 15. Rxh3 f5 16. Nd6 e4 17. Rg3 exf3 18. gxf3 Bh5 19. Kc2 Ne5 20. Re1 Kf6 21. Bd5 f4 22. Rh3 b6 23. Bxa8 Rxa8 24. Ne4+ Kf5 25. Nd6+ Kf6 26. b4 bxc5 27. Ne4+ Kf5 28. Nxc5 Rd8 29. Rxe5+ Kxe5 30. Nd3+ Kf5 31. c4 Rf8 32. Kc3 Ke6 33. Kd4 Rd8+ 34. Ke4 Kd6 35. Nxf4 Re8+ 36. Kd3 Kc6 37. Nxh5 1-0

[Event "Staufer op 21st"]
[Site "Schwaebisch Gmuend"]
[Date "2009.01.04"]
[Round "5"]
[White "Neidlinger, Markus"]
[Black "Metz, Hartmut"]
[Result "1-0"]
[WhiteElo "2108"]
[BlackElo "2298"]
[PlyCount "114"]
[EventDate "2009.01.02"]
[EventType "swiss"]
[EventRounds "9"]
[EventCountry "GER"]
[SourceTitle "CBM 128 Extra"]
[Source "ChessBase"]
[SourceDate "2009.03.05"]
[SourceVersion "2"]
[SourceVersionDate "2009.03.25"]
[SourceQuality "1"]

1. e4 c6 2. d4 d5 3. exd5 cxd5 4. c4 Nf6 5. Nf3 Nc6 6. Be3 Bg4 7. Nbd2 e6 8. a3 dxc4 9. Bxc4 Be7 10. 0-0 0-0 11. Bb5 Rc8 12. Rc1 Nb8 13. Qb3 Nd5 14. Bd3 Qb6 15. Ne5 Bh5 16. Qa2 a6 17. Be4 Qd6 18. Ndc4 Qd8 19. Qb1 f5 20. g4 fxe4 21. gxh5 Nf6 22. Kh1 b5 23. Nd2 Qd5 24. Rxc8 Rxc8 25. Rg1 Nxh5 26. Qxe4 Nf6 27. Qxd5 exd5 28. Ndf3 Nbd7 29. Nh4 Bf8 30. Nf5 g6 31. Nd3 Ne4 32. Nf4 Kf7 33. Ng3 Ndf6 34. Kg2 Rc2 35. Nd3 Bd6 36. Rc1 Rxc1 37. Bxc1 Ke6 38. f3 Nxg3 39. hxg3 Nd7 40. Bf4 Bxf4 41. Nxf4+ Kd6 42. Nd3 a5 43. Kh3 Nb6 44. Kh4 Nc4 45. g4 b4 46. a4 Nd2 47. Ne1 h6 48. f4 Ke6 49. Kg3 Kf6 50. Kh4 Nb3 51. Nc2 Nd2 52. Ne1 Ke6 53. Kg3 Kf7 54. Kh3 Nc4 55. Nd3 Kf6 56. Kh4 Ne3 57. Nc5 h5 1-0

[Event "Ulm/Neu Ulm-ch"]
[Site "Ulm/Neu Ulm"]
[Date "2006.10.08"]
[Round "2"]
[White "Neidlinger, Markus"]
[Black "Sander, Lucia"]
[Result "1-0"]
[WhiteElo "2084"]
[BlackElo "1827"]
[PlyCount "63"]
[EventDate "2006.09.22"]
[EventType "swiss"]
[EventRounds "7"]
[EventCountry "GER"]
[SourceTitle "EXT 2011"]
[Source "ChessBase"]
[SourceDate "2010.11.26"]
[SourceVersion "1"]
[SourceVersionDate "2010.11.26"]
[SourceQuality "1"]

1. e4 c5 2. Nf3 e6 3. d4 cxd4 4. Nxd4 Nf6 5. Bd3 Nc6 6. Nxc6 bxc6 7. e5 Qa5+ 8. Nd2 Qxe5+ 9. Be2 d5 10. 0-0 Qc7 11. b3 Bd6 12. Nf3 e5 13. g3 Bh3 14. Re1 h6 15. Bb2 e4 16. Nd4 0-0 17. c4 e3 18. f4 Bb4 19. Qc2 Bxe1 20. Rxe1 Ne4 21. cxd5 Qa5 22. Rd1 cxd5 23. Nc6 Qc7 24. Rxd5 Rac8 25. Bb5 Nd2 26. Qc3 f6 27. Qxe3 Rfe8 28. Qxd2 Be6 29. Rc5 Red8 30. Qe2 Qd6 31. Rc1 Re8 32. Nd4 1-0

[Event "GER-ch U25"]
[Site "Willingen"]
[Date "2005.05.21"]
[Round "9"]
[White "Neidlinger, Markus"]
[Black "Dahmen, Christoph"]
[Result "0-1"]
[WhiteElo "2110"]
[BlackElo "2050"]
[PlyCount "79"]
[EventDate "2005.05.14"]
[EventType "swiss"]
[EventRounds "9"]
[EventCountry "GER"]
[SourceTitle "CBM 106 Extra"]
[Source "ChessBase"]
[SourceDate "2005.07.01"]
[SourceVersion "1"]
[SourceVersionDate "2005.07.01"]
[SourceQuality "1"]

1. e4 c5 2. Nf3 Nc6 3. d4 cxd4 4. Nxd4 g6 5. Be3 Bg7 6. Nc3 Nf6 7. Bc4 Qa5 8. 0-0 0-0 9. a3 d6 10. h3 Bd7 11. Nb3 Qc7 12. f4 Rac8 13. Bd3 Be6 14. Nd2 d5 15. Nb5 Qd8 16. e5 Nd7 17. Nf3 a6 18. Nbd4 Nxd4 19. Nxd4 Nc5 20. f5 Nxd3 21. fxe6 Nxe5 22. exf7+ Rxf7 23. Ne6 Rxf1+ 24. Qxf1 Qd6 25. Nxg7 Kxg7 26. Re1 Nc6 27. c3 e5 28. Qf2 Ne7 29. g4 Ng8 30. Qg3 Rd8 31. Bg5 e4 32. Bf4 Qe6 33. Rf1 Re8 34. Be3 h6 35. Bd4+ Kh7 36. Qf4 Re7 37. Be3 g5 38. Qf8 Kg6 39. Rf5 Nf6 40. Kg2 0-1

[Event "Staufer op 17th"]
[Site "Schwaebisch Gmuend"]
[Date "2005.01.02"]
[Round "2"]
[White "Neidlinger, Markus"]
[Black "Welling, Gerard J"]
[Result "0-1"]
[WhiteElo "2124"]
[BlackElo "2361"]
[PlyCount "54"]
[EventDate "2005.01.??"]
[EventType "swiss"]
[EventRounds "9"]
[EventCountry "GER"]
[SourceTitle "EXT 2008"]
[Source "ChessBase"]
[SourceDate "2007.11.25"]
[SourceVersion "1"]
[SourceVersionDate "2007.11.25"]
[SourceQuality "1"]

1. e4 Nc6 2. d4 e5 3. Nf3 exd4 4. Bc4 d6 5. Nxd4 Nf6 6. 0-0 Be7 7. Nc3 0-0 8. h3 Re8 9. Bg5 h6 10. Be3 Bf8 11. Qf3 Ne5 12. Qe2 Nxc4 13. Qxc4 Nxe4 14. Ndb5 c6 15. Nxa7 d5 16. Qb3 Nxc3 17. bxc3 Rxe3 18. Nxc8 Re4 19. Nb6 Ra6 20. Nxd5 cxd5 21. Qxb7 Qa8 22. Qc7 Rc6 23. Qg3 Rec4 24. Rab1 Rc8 25. Rb6 Rxc3 26. Qf4 Rxc2 27. Rfb1 Bc5 0-1

[Event "Ulm/Neu Ulm-ch"]
[Site "Ulm/Neu Ulm"]
[Date "2005.??.??"]
[Round "?"]
[White "Lachmayer, Manfred"]
[Black "Neidlinger, Markus"]
[Result "0-1"]
[WhiteElo "1837"]
[BlackElo "1988"]
[PlyCount "38"]
[EventDate "2005.11.26"]
[EventType "swiss"]
[EventRounds "7"]
[EventCountry "GER"]
[SourceTitle "EXT 2011"]
[Source "ChessBase"]
[SourceDate "2010.11.26"]
[SourceVersion "1"]
[SourceVersionDate "2010.11.26"]
[SourceQuality "1"]

1. e4 c5 2. Nf3 g6 3. Nc3 Bg7 4. d4 cxd4 5. Nxd4 Nc6 6. Be3 Nf6 7. Nxc6 bxc6 8. Bc4 Qa5 9. 0-0 0-0 10. f3 Rd8 11. Bb3 d5 12. exd5 Nxd5 13. Nxd5 cxd5 14. c3 e5 15. Qd2 Be6 16. Rfe1 Rab8 17. Qf2 Rd7 18. Rad1 d4 19. Bxe6 dxe3 0-1

[Event "Ulm/Neu Ulm-ch"]
[Site "Ulm/Neu Ulm"]
[Date "2005.??.??"]
[Round "?"]
[White "Neidlinger, Markus"]
[Black "Mouratidis, Haralambos"]
[Result "1-0"]
[WhiteElo "1988"]
[BlackElo "1770"]
[PlyCount "81"]
[EventDate "2005.11.26"]
[EventType "swiss"]
[EventRounds "7"]
[EventCountry "GER"]
[SourceTitle "EXT 2011"]
[Source "ChessBase"]
[SourceDate "2010.11.26"]
[SourceVersion "1"]
[SourceVersionDate "2010.11.26"]
[SourceQuality "1"]

1. e4 e5 2. Nf3 Nf6 3. Nxe5 d6 4. Nf3 Nxe4 5. d4 d5 6. Bd3 Be7 7. 0-0 Nc6 8. Re1 Bg4 9. c3 f5 10. Qb3 0-0 11. Nfd2 Kh8 12. f3 Nxd2 13. Nxd2 Bh5 14. Qxb7 Rf6 15. Qb3 Bd6 16. Nf1 h6 17. Kh1 Ne7 18. Qc2 g5 19. b3 c6 20. c4 Rc8 21. a3 a5 22. Ra2 Bf7 23. Qb1 Qg8 24. c5 Bc7 25. Rxe7 Bd8 26. Re5 Bg6 27. b4 g4 28. f4 h5 29. Qc2 Qh7 30. Ne3 Bc7 31. Bxf5 Bxf5 32. Rxf5 Rxf5 33. Qxf5 Qxf5 34. Nxf5 Re8 35. Ne3 Bxf4 36. Re2 axb4 37. axb4 Re4 38. g3 Bg5 39. Kg2 Kg8 40. Kf2 Rxd4 41. Nc2 1-0

[Event "Ulm/Neu Ulm-ch"]
[Site "Ulm/Neu Ulm"]
[Date "2004.11.12"]
[Round "5"]
[White "Neidlinger, Markus"]
[Black "Locher, Klaus"]
[Result "1-0"]
[WhiteElo "2000"]
[BlackElo "1800"]
[PlyCount "83"]
[EventDate "2004.09.17"]
[EventType "swiss"]
[EventRounds "7"]
[EventCountry "GER"]
[SourceTitle "EXT 2011"]
[Source "ChessBase"]
[SourceDate "2010.11.26"]
[SourceVersion "1"]
[SourceVersionDate "2010.11.26"]
[SourceQuality "1"]

1. e4 c5 2. Nf3 e6 3. d4 cxd4 4. Nxd4 a6 5. Be3 Qc7 6. Be2 Nf6 7. Nd2 d5 8. Bf3 dxe4 9. Nxe4 Nbd7 10. c3 Nxe4 11. Bxe4 Nf6 12. Bf3 Be7 13. Ne2 0-0 14. Qb3 e5 15. Ng3 Bc5 16. Bg5 Be7 17. 0-0 Rb8 18. Rfe1 h6 19. Be3 b5 20. Rad1 Be6 21. Qc2 b4 22. Qa4 bxc3 23. bxc3 Bd7 24. Qxa6 Rb2 25. Ne4 Nxe4 26. Bxe4 Bb5 27. Qb6 Qxc3 28. Bc1 Bc5 29. Bxb2 Qxe1+ 30. Rxe1 Bxb6 31. Bxe5 Re8 32. Bc3 Re6 33. Bd5 Rxe1+ 34. Bxe1 Kf8 35. Bb4+ Ke8 36. g3 g5 37. h4 Bd4 38. Kg2 Kd7 39. Bf8 Bc6 40. Bxc6+ Kxc6 41. Kf3 Be5 42. g4 1-0

[Event "Regionalliga SW 0304"]
[Site "Bayern"]
[Date "2004.01.18"]
[Round "5.4"]
[White "Neidlinger, Markus"]
[Black "Schmidt, Bernhard"]
[Result "0-1"]
[WhiteElo "2016"]
[BlackElo "2114"]
[PlyCount "58"]
[EventDate "2003.10.??"]
[EventType "team"]
[EventRounds "9"]
[EventCountry "GER"]
[SourceTitle "EXT 2006"]
[Source "ChessBase"]
[SourceDate "2005.11.24"]
[SourceVersion "1"]
[SourceVersionDate "2005.11.24"]
[SourceQuality "1"]
[WhiteTeam "Burlafingen"]
[BlackTeam "Klosterlechfeld"]
[WhiteTeamCountry "GER"]
[BlackTeamCountry "GER"]

1. e4 e6 2. d4 d5 3. exd5 exd5 4. c4 Nf6 5. Be3 Be7 6. Nf3 0-0 7. Nbd2 dxc4 8. Bxc4 Nbd7 9. 0-0 Nb6 10. Bb3 c6 11. Qc2 Nbd5 12. a3 Be6 13. Ng5 Bg4 14. Nc4 h6 15. Ne4 Nxe4 16. Qxe4 Be6 17. Bc2 Nf6 18. Qd3 Qd5 19. Nd2 Rfd8 20. b4 a5 21. Rab1 axb4 22. axb4 Qa2 23. Nb3 Bxb4 24. Ra1 Qb2 25. Rfb1 Rxa1 26. Nxa1 Qc3 27. Qd1 Ng4 28. Qf3 Nxe3 29. fxe3 Ra8 0-1

[Event "Regionalliga SW 0304"]
[Site "Bayern"]
[Date "2003.11.02"]
[Round "2.4"]
[White "Martin, Milan"]
[Black "Neidlinger, Markus"]
[Result "0-1"]
[WhiteElo "2022"]
[BlackElo "2016"]
[PlyCount "50"]
[EventDate "2003.10.??"]
[EventType "team"]
[EventRounds "9"]
[EventCountry "GER"]
[SourceTitle "EXT 2006"]
[Source "ChessBase"]
[SourceDate "2005.11.24"]
[SourceVersion "1"]
[SourceVersionDate "2005.11.24"]
[SourceQuality "1"]
[WhiteTeam "Muenchen 77 Nord"]
[BlackTeam "Burlafingen"]
[WhiteTeamCountry "GER"]
[BlackTeamCountry "GER"]

1. e4 c5 2. Nf3 Nc6 3. Bb5 g6 4. 0-0 Bg7 5. c3 Nf6 6. Re1 0-0 7. d4 Qb6 8. Na3 cxd4 9. e5 Ng4 10. cxd4 d6 11. h3 Nh6 12. exd6 exd6 13. d5 Ne5 14. Nxe5 dxe5 15. Be3 Qf6 16. g4 Qh4 17. Bf1 f5 18. Qd2 Nf7 19. f3 e4 20. fxe4 fxg4 21. hxg4 Ne5 22. Bg2 Nxg4 23. Bh1 Be5 24. Re2 Qg3+ 25. Rg2 Qxe3+ 0-1

[Event "Regionalliga SW 0304"]
[Site "Bayern"]
[Date "2003.10.12"]
[Round "1.3"]
[White "Schlinkmeier, Karsten"]
[Black "Neidlinger, Markus"]
[Result "1-0"]
[WhiteElo "2172"]
[BlackElo "2016"]
[PlyCount "81"]
[EventDate "2003.10.??"]
[EventType "team"]
[EventRounds "9"]
[EventCountry "GER"]
[SourceTitle "EXT 2006"]
[Source "ChessBase"]
[SourceDate "2005.11.24"]
[SourceVersion "1"]
[SourceVersionDate "2005.11.24"]
[SourceQuality "1"]
[WhiteTeam "Garching"]
[BlackTeam "Burlafingen"]
[WhiteTeamCountry "GER"]
[BlackTeamCountry "GER"]

1. c3 Nf6 2. Nf3 d6 3. d4 g6 4. Bf4 Bg7 5. e3 Nbd7 6. Be2 c5 7. h3 cxd4 8. cxd4 Qb6 9. Qb3 Qxb3 10. axb3 Nb6 11. Nc3 a6 12. Nd2 Nfd5 13. Bg3 Nb4 14. 0-0 Be6 15. Bf3 Rb8 16. Rfc1 Nd3 17. Rcb1 0-0 18. Kf1 Rfc8 19. Na2 a5 20. Ke2 Nb4 21. Nxb4 axb4 22. Rc1 Bd7 23. Rxc8+ Nxc8 24. Nc4 Bb5 25. Kd2 e5 26. dxe5 Bxc4 27. bxc4 Nb6 28. b3 dxe5 29. Ra5 Rd8+ 30. Kc2 e4 31. Bxe4 Bc3 32. Rb5 Rd2+ 33. Kc1 Nd7 34. Rd5 Rxd5 35. Bxd5 Nc5 36. Kc2 Kg7 37. Bd6 Nd7 38. Bxb7 Nf6 39. f4 Ne8 40. Bc5 Be1 41. Kd1 1-0

[Event "Regionalliga SW 0102"]
[Site "Bayern"]
[Date "2002.02.03"]
[Round "5.8"]
[White "Bergmueller, Horst"]
[Black "Neidlinger, Markus"]
[Result "0-1"]
[WhiteElo "1945"]
[BlackElo "1875"]
[PlyCount "52"]
[EventDate "2001.10.07"]
[EventType "team"]
[EventRounds "9"]
[EventCountry "GER"]
[SourceTitle "EXT 2003"]
[Source "ChessBase"]
[SourceDate "2002.11.25"]
[SourceVersion "1"]
[SourceVersionDate "2002.11.25"]
[SourceQuality "1"]
[WhiteTeam "Pasing II"]
[BlackTeam "Burlafingen"]
[WhiteTeamCountry "GER"]
[BlackTeamCountry "GER"]

1. e4 c5 2. Nf3 d6 3. d4 cxd4 4. Nxd4 g6 5. Nc3 Bg7 6. Be3 Nc6 7. Qd2 Bd7 8. h4 Nf6 9. Nb3 a5 10. a4 Nb4 11. f3 h5 12. Bd3 Rc8 13. Nd4 0-0 14. Bh6 Qb6 15. Bxg7 Kxg7 16. Qf2 Nxd3+ 17. cxd3 Qb4 18. 0-0 Rc5 19. Ra3 e5 20. Ndb5 Bxb5 21. Nxb5 Rfc8 22. Rc3 Qxa4 23. Nxd6 Rxc3 24. bxc3 Rxc3 25. Qe3 Qc6 26. Nc4 Qxc4 0-1

[Event "Regionalliga SW 0001"]
[Site "Bayern"]
[Date "2001.04.29"]
[Round "9"]
[White "Winterkamp, Stefan"]
[Black "Neidlinger, Markus"]
[Result "0-1"]
[WhiteElo "1945"]
[BlackElo "1835"]
[PlyCount "99"]
[EventDate "2000.10.15"]
[EventType "team-tourn"]
[EventRounds "9"]
[EventCountry "GER"]
[SourceTitle "EXT 2020"]
[Source "ChessBase"]
[SourceDate "2019.10.17"]
[SourceVersion "1"]
[SourceVersionDate "2019.10.17"]
[SourceQuality "1"]
[WhiteTeam "Klosterlechfeld"]
[BlackTeam "Burlafingen"]
[WhiteTeamCountry "GER"]
[BlackTeamCountry "GER"]

1. b3 d5 2. Bb2 Nc6 3. e3 Bf5 4. Bb5 Nf6 5. Nf3 a6 6. Bxc6+ bxc6 7. Ne5 c5 8. d3 e6 9. f4 Bd6 10. Qe2 0-0 11. Nd2 Nd7 12. 0-0 f6 13. Nc6 Qe8 14. e4 Bg6 15. e5 Nb6 16. exd6 Qxc6 17. Qxe6+ Bf7 18. Qg4 Qxd6 19. c4 Rae8 20. Rae1 c6 21. Nf3 Qd7 22. f5 h5 23. Qf4 Rxe1 24. Nxe1 Re8 25. Qg3 Kh7 26. Qf2 dxc4 27. dxc4 Nxc4 28. bxc4 Bxc4 29. Qh4 Bxf1 30. Qxh5+ Kg8 31. Kxf1 Rb8 32. Bc3 Rb1 33. Qf3 Qd5 34. Qxd5+ cxd5 35. Ke2 d4 36. Bd2 Ra1 37. Nd3 c4 38. Nb4 a5 39. Nc6 c3 40. Bf4 c2 41. Nxd4 c1Q 42. Bxc1 Rxc1 43. a3 Rc3 44. Nb5 Rc2+ 45. Kf3 Rb2 46. Nd4 a4 47. h4 Rb3+ 48. Kf4 Rxa3 49. g4 Rh3 50. Nf3 0-1